000 00707nam a2200289Ia 4500
005 20260324125940.0
008 008 260324s9999 xx 000 0 eng d
020 _a9781315085418
037 _aEBOOK
040 _aCRL
040 _beng
040 _cCRL
041 _2eng
041 _aeng
084 _qCRL
100 _aKim Marie Cole; Jane Zuengler
_91179949
245 4 _aThe Research Process in Classroom Discourse Analysis
245 0 _bCurrent Perspectives
260 _bTaylor and Francis
260 _c2008
365 _a
365 _b240
856 _uhttp://www.taylorfrancis.com/books/9781315085418
942 _cEBOOK
999 _c1775635
_d1775635